00617 2200229 4500001002100000005001500021035002000036007000300056008004100059020002200100082001100122084001700133100001600150245006200166250001000228260004500238300003000283650003900313700001300352990001100365990001100376INLIS00000000000121120180110123244 a0010-0118000029ta180110 g 0 ind  a978-602-9247-13-8 a613.65 a613.65 BRI 30 aBriliantono1 a360 Pekan Masa Keemasan Anak :bHanya sekali seumur hidup aCet.1 aJakarta Selatan :bAlMawardiPrima,c2016 a209hlm :bilus ;c14x17cm aPerkembangan Anak, Kedokteran Anak0 aSoenarwo a5645 a a5645 b